Pokémon - Attacken von Garados in KA/PU - Statistiken

Allgemein
  • Dieses Quiz wurde 9 mal gespielt
  • Das Durchschnittsergebnis liegt bei 36 aus 63
Antwortstatistiken
Antwort % Korrekt
Donner
100%
Eiszahn
100%
Hydropumpe
100%
Tackle
100%
Biss
86%
Donnerblitz
86%
Drachentanz
86%
Eisstrahl
86%
Erdbeben
86%
Flammenwurf
86%
Hyperstrahl
86%
Nassschweif
86%
Platscher
86%
Sonnentag
86%
Surfer
86%
Drachenpuls
71%
Dreschflegel
71%
Feuersturm
71%
Fuchtler
71%
Kaskade
71%
Knirscher
71%
Regentanz
71%
Schutzschild
71%
Siedewasser
71%
Silberblick
71%
Blizzard
57%
Bodyslam
57%
Dampfwalze
57%
Delegator
57%
Donnerwelle
57%
Drachenrute
57%
Eisenschädel
57%
Eissturm
57%
Erholung
57%
Gigastoß
57%
Windhose
57%
Aquawelle
43%
Ausdauer
43%
Bodycheck
43%
Fassade
43%
Finsteraura
43%
Grimasse
43%
Lawine
43%
Sandsturm
43%
Schlafrede
43%
Steinkante
43%
Whirlpool
43%
Wutanfall
43%
Brüller
29%
Drachenschrei
29%
Frustflamme
29%
Frustventil
29%
Groll
29%
Kalte Dusche
29%
Lake
29%
Lehmbrühe
29%
Notsituation
29%
Orkan
29%
Rechte Hand
29%
Risikotackle
29%
Schuppenschuss
29%
Tera-Ausbruch
29%
Verhöhner
29%
Keine übereinstimmenden Quizze gefunden
Verteilung der Resultate
Anzahl Personen mit jedem Resultat
Perzentil nach korrekt beantworteten Fragen
Ihre Resultats-Entwicklung
Sie haben dieses Quiz noch nicht gespielt